Les fournitures dans une trousse - Statistiques

Statistiques générales
  • Ce quiz a été pris 585 fois
  • Le résultat moyen est 7 sur 9
Statistiques - réponses
Hint Réponse % Correct
2ème Crayon
100%
1er Stylo
98%
3ème Gomme
97%
4ème Règle
89%
9ème Taille crayon
76%
7ème Colle
72%
6ème Ciseau
71%
5ème Compas
64%
8ème Surligneur
52%
Aucun quiz correspondant
Distribution des résultats
% des personnes avec chaque résultat
Percentile par nombre de réponses
Votre historique - résultats
Vous n’avez pas pris ce quiz